000 005420000a22001810004500
003 MACL
005 20160121160352.0
008 160121b xxu||||| |||| 00| 0 eng d
040 _aMACL
_cMACL
041 _aHindi
082 _a351/SHA
100 _aशर्मा सी. के.
_933941
245 _aआनन्‍द लोक प्रशासन
260 _bआनन्‍द पब्लिशर्स
_aग्‍वालियर
350 _a180
650 _aPublic Administration
_933942
942 _cHIN
_k351/ SHA
_2ddc
999 _c30588
_d30588